| 000 | 00528nam a2200169Ia 4500 | ||
|---|---|---|---|
| 008 | 220216s9999 xx 000 0 und d | ||
| 100 |
_aTiwary P _cet al |
||
| 245 | 0 | _aPedotransfer functions: A tool for estimating hydraulic properties of two major soil types of India | |
| 260 |
_bCurrent Science _c2014 |
||
| 300 | _a1431-1439 | ||
| 650 | _aModel efficiency | ||
| 650 | _aPedotransfer functions | ||
| 650 | _aRegression analysis | ||
| 650 | _aSaturated hydraulic conductivity | ||
| 650 | _aWater retention | ||
| 942 | _cJS | ||
| 999 |
_c64665 _d64665 |
||